000 00627nam a2200205Ia 4500
003 OSt
005 20250429092516.0
008 220927b |||||||| |||| 00| 0 eng d
020 _a9781349959396
037 _cReference Collections
040 _aSDCL
_cSDCL
_beng
041 _2eng
_aeng
084 _an2,M64 R0 RR
245 0 _aStatesmen's year book 2020 :
_bThe politics, culture and economics of the world
260 _aLondon :
_bPalgrave,
_c2020.
300 _axliii,1484p.
650 _aReference
942 _cREF
_2CC
_n0
999 _c774453
_d774453